Being a DIK Trivia - Statistics

General Stats
  • This quiz has been taken 35 times
  • The average score is 16 of 40
Answer Stats
Hint Answer % Correct
How much in $ is the private dance from Nicole in Episode 3? 4
90%
What is MC's username on Rooster? Tremolo
90%
What is the name of Chad's secret boyfriend? Troy
86%
Which Episode took the shortest amount of time to develop? 2
81%
TRUE OR FALSE: Josy kisses the MC at work in Episode 1 False
76%
What is the name of the dating app that MC uses? Swyper
76%
How many different options does MC have when choosing who to end the night with on Halloween (Includes all paths)? 8
67%
What is the name of the college that the story takes place in? Burgmeister and Royce
67%
What is Dany's pet rabbit's name? Franz
67%
How old was MC when he received his guitar as a birthday gift? 12
62%
What is the name of Isabella's Husband? James
57%
What is the name of MC and Josy's Colleague from their summer job? Steve
57%
What is the name of Tara's boyfriend? Oscar
52%
MC daydreams about Josy in the shower before their Episode 1 date, what color is Josy's top in this scene? Yellow
52%
Which DIK has a secret passion for flowers and plants? Jamie
48%
What is the name of the "MILF Bar" Tommy takes MC to in Episode 6? MacAllen's
48%
Which DIK attempts to ask out Zoey at the Thanksgiving party? Jacob
43%
How many years did Lydia teach at the college before retiring? 33
38%
What drink does Heather ask for at the HOTs Party in Episode 7? Absinthe
38%
In Episode 7, Jacob wants MC to clear the Jocks out of the HOTs Party so that he can talk to a girl, what is the girl's name? Clara
38%
What is Josy's surname? Taylor
38%
What is the name of the girl who dressed as a scarecrow for Halloween? Avery
29%
In Dungeons and Gremlins, what profession does Riona have? Blacksmith
29%
What is the name of the villain in The Interlude? Emma
29%
Season 3 has recently been made available for Wishlist on Steam, who is the cover star? Sage
29%
Which Pink Rose Stripper is MC yet to get any lewd scene with? Tania
29%
Who does Tommy cheat on Heather with in Episode 9? Christie
24%
Which girl does Leon partner with in the Episode 9 body shots competition? Gina
24%
What is Becky's @ on Rooster? InStyle
24%
What is the name of Sage's character in Dungeons and Gremlins? Nadia
24%
Who is the Vice President of the Tri-Betas Ron
24%
What is Ashley's @ on Rooster? JustAsh
19%
In the earlier episodes, Kylie is seen in the background of some of the DIKs' parties wearing a shirt with a flag on it. Which country does the flag belong to? United Kingdom
19%
How many achievements are there on the Steam version of Being A DIK (Seasons 1 and 2) 98
14%
Which girl proudly admits to liking pineapple on pizza to MC? Becky
14%
What is the name of Episode 6? Damage Control
14%
What is the name of the band that Zoey is a big fan of? ShitFaced
10%
FILL IN THE BLANK: Riona once had an terrible mushroom trip in which she was trapped inside of a giant _____ Shoe Box
10%
How many sex scenes are in the game? 153
5%
What does Patrick notice that exposes the fact that Maya has a new roommate? New Bed Sheets
5%
No matching quizzes found
Score Distribution
Percent of People with Each Score
Percentile by Number Answered
Your Score History
You have not taken this quiz